000 01302nam0a22002651 4500
001 rc\81728
005 20260406105548.0
035 _a(NLR Aleph) 005351136
090 _a6798214
_c6798214
100 _a20021216d1993 |||y0rusy50 ca
101 0 _arus
102 _aRU
105 _ay |||||||||
200 1 _aСтручков Н.А. и проблемы совершенствования деятельности органов, исполняющих наказания
_eМатериалы науч.-теорет. конф., посвящ. 70-летию со дня рождения Стручкова Н.А. (УВШ МВД РФ, 19 февр. 1992 г.)
_f[Под ред. Перегудова А.Г.]
210 _aУфа
_cУВШ МВД РФ
_d1993
215 _a185 с.
_d20
300 _aВ надзаг.: М-во внутр. дел. Рос. Федерации, Уфим. высш. шк.
320 _aБиблиогр. в примеч. в конце докл.
702 1 _aПерегудов
_bА.Г.
_gАнатолий Григорьевич
_4340
712 0 2 _aУфимская высшая школа МВД Российской Федерации
_3RU\NLR\AUTH\884506
_9280527
801 0 _aRU
_bNLR
_gpsbo
801 1 _aRU
_bELAR
_2rusmarc
852 _aNLR
_j93-3/3119
942 _cBOOK
980 _aNB